[Event "Mechanics' Summer TNM; 30/90, SD/30"]
[Site "San Francisco"]
[Date "2011.06.07"]
[Round "3.16"]
[White "Russell, Joe"]
[Black "Standen, Julian"]
[Result "1-0"]
[WhiteElo "1872"]
[BlackElo "1635"]
[PlyCount "37"]
[EventDate "2011.??.??"]

1. e4 c6 2. d4 d5 3. Nc3 dxe4 4. Nxe4 Nd7 5. Ng5 e6 6. Bd3 Ngf6 7. Qe2 Bd6 8.
N1f3 h6 9. Nxe6 fxe6 10. Bg6+ Kf8 11. O-O Nb6 12. c4 Bc7 13. b3 Bd7 14. Ne5 Be8
15. Ba3+ Kg8 16. Rad1 Nbd7 17. Nxc6 Bxg6 18. Nxd8 Rxd8 19. Qxe6+ 1-0

[Event "Mechanics' Summer TNM; 30/90, SD/30"]
[Site "San Francisco"]
[Date "2011.06.07"]
[Round "3.22"]
[White "Sahba, Shervin"]
[Black "Clark, Thomas"]
[Result "1/2-1/2"]
[WhiteElo "1642"]
[BlackElo "1206"]
[PlyCount "46"]
[EventDate "2011.??.??"]

1. e4 e6 2. d4 d5 3. e5 c5 4. c3 Nc6 5. Nf3 Qb6 6. a3 Nh6 7. Bxh6 Qxb2 8. Bxg7
Bxg7 9. Nbd2 Qxc3 10. Rc1 Qxa3 11. Rxc5 Bd7 12. Rb5 Rb8 13. Rb3 Qa5 14. Bd3 Bh6
15. Rb5 Qc3 16. Qc2 Bxd2+ 17. Qxd2 Qxd2+ 18. Kxd2 a6 19. Rb6 Rg8 20. g3 Rg4 21.
h3 Nxd4 22. hxg4 Nxf3+ 23. Ke2 Nxe5 1/2-1/2

[Event "Mechanics' Summer TNM; 30/90, SD/30"]
[Site "San Francisco"]
[Date "2011.05.24"]
[Round "1.2"]
[White "Salvo, Tab"]
[Black "Cunningham, Robin"]
[Result "0-1"]
[WhiteElo "1723"]
[BlackElo "2274"]
[PlyCount "80"]
[EventDate "2011.??.??"]

1. Nf3 d5 2. c4 e6 3. g3 Nf6 4. Bg2 c5 5. e3 Nc6 6. b3 Be7 7. Bb2 O-O 8. O-O d4
9. exd4 cxd4 10. d3 e5 11. Re1 Qc7 12. a3 a5 13. Nbd2 Re8 14. Ne4 Nxe4 15. Rxe4
Bf5 16. Re1 h6 17. h3 Rad8 18. Qe2 Bf8 19. Nd2 Bg6 20. Be4 Bxe4 21. Qxe4 Qd7
22. Kg2 f5 23. Qe2 Qf7 24. Rad1 Bc5 25. Qf3 g6 26. Bc1 Kh7 27. Nf1 Qe7 28. a4
Bb4 29. Re2 Rf8 30. Nd2 Qf6 31. Rh1 Rf7 32. h4 e4 33. dxe4 Ne5 34. Qf4 Nd3 35.
Qf3 Nxc1 36. Rxc1 d3 37. exf5 dxe2 38. Ne4 Qxf5 39. Qxe2 Re7 40. f3 Rd2 0-1

[Event "Mechanics' Summer TNM; 30/90, SD/30"]
[Site "San Francisco"]
[Date "2011.06.07"]
[Round "3.13"]
[White "Salvo, Tab"]
[Black "Todortsev, Victor"]
[Result "0-1"]
[WhiteElo "1723"]
[BlackElo "1937"]
[PlyCount "113"]
[EventDate "2011.??.??"]

1. Nf3 d5 2. c4 e6 3. b3 Nf6 4. Bb2 Be7 5. g3 O-O 6. Bg2 c6 7. O-O Nbd7 8. d4
Ne4 9. Nbd2 f5 10. e3 Ndf6 11. Nxe4 Nxe4 12. Ne5 Ng5 13. f4 Nf7 14. Qe2 Nxe5
15. dxe5 Bd7 16. Rfd1 Be8 17. Kh1 Qb6 18. Bd4 Qa6 19. Bf1 c5 20. Bc3 Bc6 21.
Kg1 Rad8 22. Qe1 dxc4 23. Bxc4 Bb5 24. Bxe6+ Kh8 25. Bd5 Bc6 26. Bxc6 Qxc6 27.
Qe2 Qe4 28. Be1 a6 29. Ba5 Rc8 30. Qd3 Qf3 31. Rf1 Qc6 32. Rac1 b5 33. Be1 c4
34. bxc4 bxc4 35. Qc2 Bc5 36. Bf2 Ba3 37. Rb1 c3 38. Rb3 Bb2 39. Rd1 Rfd8 40.
Rxd8+ Rxd8 41. Be1 Qf3 42. Rxc3 Bxc3 43. Qxc3 h6 44. e6 Qe4 45. Qe5 Qxe5 46.
fxe5 Re8 47. Bc3 Rxe6 48. Kf2 Kg8 49. Kf3 Kf7 50. e4 Rc6 51. Bb4 fxe4+ 52. Kf4
Ke6 53. Bf8 g5+ 54. Kxe4 h5 55. Bd6 Rc2 56. h4 gxh4 57. gxh4 {score ends} 0-1

[Event "Mechanics' Summer TNM; 30/90, SD/30"]
[Site "San Francisco"]
[Date "2011.07.12"]
[Round "8.11"]
[White "Salvo, Tab"]
[Black "Wheeler, Cameron"]
[Result "0-1"]
[WhiteElo "1723"]
[BlackElo "2052"]
[PlyCount "64"]
[EventDate "2011.??.??"]

1. Nf3 Nf6 2. g3 d5 3. c4 c6 4. b3 Bg4 5. Bg2 Nbd7 6. Bb2 e6 7. O-O Bd6 8. d4
O-O 9. Nbd2 Rc8 10. Re1 b6 11. e4 Bb4 12. exd5 cxd5 13. Re3 Bxd2 14. Qxd2 dxc4
15. h3 Bxf3 16. Rxf3 b5 17. Rc1 Ne5 18. Rxf6 gxf6 19. bxc4 Nxc4 20. Qe2 Nxb2
21. Rxc8 Qxc8 22. Qxb2 a6 23. d5 e5 24. Be4 Qxh3 25. Qb1 Rd8 26. Bf5 Qh6 27.
Qd3 Qc1+ 28. Kg2 Qc4 29. Bxh7+ Kg7 30. Qf5 Qxd5+ 31. Kh2 Qe6 32. Qb1 Rh8 0-1

[Event "Mechanics' Summer TNM; 30/90, SD/30"]
[Site "San Francisco"]
[Date "2011.07.12"]
[Round "8.4"]
[White "Sandberg, Evan"]
[Black "Margulis, Igor"]
[Result "1-0"]
[WhiteElo "2168"]
[BlackElo "2100"]
[PlyCount "105"]
[EventDate "2011.??.??"]

1. e4 e5 2. d4 exd4 3. Qxd4 Nc6 4. Qe3 Nf6 5. Nc3 Bb4 6. Bd2 O-O 7. O-O-O Qe7
8. Qg3 d6 9. Re1 Be6 10. a3 Ba5 11. b4 Bb6 12. Nd5 Qd8 13. Bg5 Bxd5 14. exd5
Ne5 15. Be2 Ne4 16. Bxd8 Nxg3 17. hxg3 Raxd8 18. f4 Nd7 19. Bd3 g6 20. Nh3 Rfe8
21. Rxe8+ Rxe8 22. Bb5 Re7 23. Bxd7 Rxd7 24. Re1 h6 25. Re8+ Kg7 26. Kd2 c6 27.
dxc6 bxc6 28. Rc8 c5 29. c4 d5 30. bxc5 dxc4+ 31. Kc3 Ba5+ 32. Kxc4 Be1 33. Re8
Rd1 34. Re3 Rc1+ 35. Kd5 Ba5 36. Re7 Rd1+ 37. Kc6 a6 38. Kb7 Rd3 39. c6 Rxa3
40. Re5 Bd8 41. Rd5 Rb3+ 42. Kxa6 Rb6+ 43. Ka7 Be7 44. Rd7 Rxc6 45. Kb7 Rc3 46.
Rxe7 Rxg3 47. Re2 Kf6 48. Kc6 Kf5 49. Kd5 Rd3+ 50. Kc6 -- 51. Rf2 Kg4 52. Rf3
Rd2 53. Nf2+ 1-0

[Event "Mechanics' Summer TNM; 30/90, SD/30"]
[Site "San Francisco"]
[Date "2011.05.31"]
[Round "2.4"]
[White "Sandberg, Evan"]
[Black "Ochoa, Jason"]
[Result "1-0"]
[WhiteElo "2168"]
[BlackElo "1939"]
[PlyCount "67"]
[EventDate "2011.??.??"]

1. e4 Nc6 2. d4 e5 3. d5 Nce7 4. Nf3 Ng6 5. h4 h5 6. Bg5 f6 7. Be3 Bb4+ 8. Nbd2
Nh6 9. a3 Ba5 10. c4 Bxd2+ 11. Bxd2 d6 12. Be2 Ne7 13. Rc1 c5 14. b4 b6 15. Qb3
Bd7 16. Nh2 g6 17. O-O Nf7 18. bxc5 bxc5 19. Qc3 f5 20. f4 O-O 21. fxe5 Nxe5
22. Bf4 Nf7 23. Qg3 Kh7 24. Bxd6 Nxd6 25. Qxd6 Rc8 26. e5 Be8 27. Qxd8 Rxd8 28.
Nf3 Bd7 29. e6 Ba4 30. Bd1 Be8 31. Rb1 Nxd5 32. cxd5 Rxd5 33. Ng5+ Kh8 34. e7
1-0

[Event "Mechanics' Summer TNM; 30/90, SD/30"]
[Site "San Francisco"]
[Date "2011.06.14"]
[Round "4.2"]
[White "Sandberg, Evan"]
[Black "Shakhnazarov, Oleg"]
[Result "1/2-1/2"]
[WhiteElo "2168"]
[BlackElo "2137"]
[PlyCount "99"]
[EventDate "2011.??.??"]

1. e4 e6 2. d4 Be7 3. Qg4 g6 4. Bd3 d6 5. e5 h5 6. Qg3 Bh4 7. Qh3 Nc6 8. Nf3
Be7 9. Qg3 h4 10. Qg4 Nh6 11. Bxh6 Rxh6 12. Nc3 Nb4 13. O-O-O Nxd3+ 14. Rxd3 d5
15. Qf4 Rh5 16. Qd2 b6 17. g4 hxg3 18. fxg3 Ba6 19. Re3 Qd7 20. g4 Rh7 21. g5
O-O-O 22. h4 c5 23. Ree1 Kb8 24. Kb1 cxd4 25. Qxd4 Rc8 26. Rd1 Rc4 27. Qd3 Qc8
28. Nd4 Bc5 29. Qe3 Bxd4 30. Rxd4 Qc5 31. Ne2 Rxc2 32. Nc3 Rg2 33. Rc1 Rxh4 34.
Ne4 Qb5 (34... Rxe4 35. Rxe4 Qb5 $19) 35. Qc3 Rh8 36. Nd6 Qd7 37. Rf4 Rh7 38.
Qa3 Bb7 39. Nxf7 a5 (39... Rxf7 $2 40. Rxf7 Qxf7 41. Qd6+) 40. Nd6 Rxg5 41.
Rf8+ Ka7 42. b4 Rg4 43. bxa5 Qa4 44. axb6+ Kxb6 45. Qc5+ Ka6 46. Rf3 Qb4+ 47.
Rb3 Qxc5 48. Rxc5 Rg1+ 49. Kb2 Rh2+ 50. Ka3 1/2-1/2

[Event "Mechanics' Summer TNM; 30/90, SD/30"]
[Site "San Francisco"]
[Date "2011.05.31"]
[Round "2.6"]
[White "Shakhnazarov, Oleg"]
[Black "Anderson, Michael"]
[Result "1-0"]
[WhiteElo "2137"]
[BlackElo "1900"]
[PlyCount "67"]
[EventDate "2011.??.??"]

1. e4 c5 2. Nf3 Nc6 3. d4 cxd4 4. Nxd4 e6 5. Be3 a6 6. Nc3 Nge7 7. Be2 Nxd4 8.
Qxd4 b5 9. a3 Nc6 10. Qd2 Be7 11. O-O O-O 12. f4 d6 13. Rad1 Bb7 14. Qe1 Qc7
15. Qf2 Rae8 16. Rd3 b4 17. axb4 Nxb4 18. Rd2 f5 19. Bb6 Qc6 20. Bf3 fxe4 21.
Nxe4 Nd5 22. Bd4 Rxf4 23. Qg3 g6 24. b3 Rff8 25. Rfd1 Qc8 26. Qe1 e5 27. Bb2
Nb4 28. Qe2 Bxe4 29. Bxe4 Nc6 $4 {
Both sides were in horrible time pressure the past few moves.} 30. Qc4+ Kg7 31.
Qxc6 Qg4 32. Re1 Bg5 33. Qxd6 Rf4 34. Bxe5+ 1-0

[Event "Mechanics' Summer TNM; 30/90, SD/30"]
[Site "San Francisco"]
[Date "2011.07.05"]
[Round "7.5"]
[White "Shakhnazarov, Oleg"]
[Black "Wong, Russell"]
[Result "0-1"]
[WhiteElo "2137"]
[BlackElo "2200"]
[PlyCount "110"]
[EventDate "2011.??.??"]

1. e4 Nf6 2. e5 Nd5 3. Bc4 Nb6 4. Bb3 d5 5. d4 Bf5 6. g4 Be4 7. f3 Bg6 8. h4 h5
9. g5 e6 10. Nd2 c5 11. c3 cxd4 12. cxd4 Nc6 13. Ne2 Rc8 14. O-O Bd3 15. f4
Bxe2 16. Qxe2 Nxd4 17. Qd3 g6 18. Nf3 Nf5 19. Bd2 Bc5+ 20. Kg2 O-O 21. Rfc1 Nd7
22. Qb5 Bb6 23. Bb4 Rxc1 24. Rxc1 a6 25. Qd3 Be3 26. Rc2 Bxf4 27. Bxf8 Kxf8 28.
Re2 Nxh4+ 29. Kf1 Nxf3 30. Qxf3 Bxe5 31. Rf2 Qe7 32. Bc2 Kg8 33. b4 Bd4 34. Re2
Qxg5 35. Rg2 Qf6 36. Qxf6 Bxf6 37. Bd1 Kf8 38. Rc2 Ke7 39. Rc7 b6 40. Ra7 Bd4
41. Rxa6 h4 42. Ra7 Kd6 43. Ba4 Ne5 44. Bb5 g5 45. Ra8 g4 46. Rd8+ Ke7 47. Rh8
h3 48. Be2 f5 49. a4 f4 50. Bxg4 Nxg4 51. Rxh3 Ne3+ 52. Ke2 Bc3 53. b5 Kd6 54.
Kd3 Bb4 55. Rh8 Ke5 0-1

[Event "Mechanics' Summer TNM; 30/90, SD/30"]
[Site "San Francisco"]
[Date "2011.06.21"]
[Round "5.2"]
[White "Shakhnazarov, Oleg"]
[Black "Zavadsky, Peter"]
[Result "1/2-1/2"]
[WhiteElo "2137"]
[BlackElo "2293"]
[PlyCount "91"]
[EventDate "2011.??.??"]

1. d4 Nf6 2. Nf3 e6 3. Bf4 c5 4. e3 d5 5. c3 Be7 6. Nbd2 O-O 7. Bd3 b6 8. h3
Ba6 9. Bxa6 Nxa6 10. Qa4 Nb8 11. O-O a6 12. Ne5 b5 13. Qc2 Nfd7 14. Ndf3 Nxe5
15. dxe5 Nc6 16. Rfd1 Qb6 17. Rac1 Rac8 18. Qd3 Rfd8 19. Qe2 h6 20. g4 Rd7 21.
Kh2 Qd8 22. Rg1 d4 23. g5 d3 24. Qd1 h5 25. g6 Qe8 26. gxf7+ Qxf7 27. Rg3 Kh8
28. Qd2 g6 29. Rcg1 Rg8 30. e4 c4 31. Qe3 Bd8 32. Bg5 Bxg5 33. Qxg5 Qg7 34. Qf6
Rf7 35. Qxe6 Ne7 36. Qd6 Rgf8 37. Nh4 Rxf2+ 38. Kh1 Rf1 39. Qxe7 Qxe7 40. Nxg6+
Kh7 41. Nxe7 d2 42. Rg7+ Kh8 43. R7g6 Kh7 44. Nf5 (44. Rd6 $1 {wins}) 44...
R8xf5 45. exf5 d1=Q 46. Rg7+ 1/2-1/2

[Event "Mechanics' Summer TNM; 30/90, SD/30"]
[Site "San Francisco"]
[Date "2011.06.07"]
[Round "3.7"]
[White "Sherwood, Peter"]
[Black "Byambaa, Uyanga"]
[Result "0-1"]
[WhiteElo "1826"]
[BlackElo "2050"]
[PlyCount "68"]
[EventDate "2011.??.??"]

1. e4 c5 2. Nf3 Nc6 3. d4 cxd4 4. Nxd4 g6 5. Nc3 Bg7 6. Be3 Nf6 7. Bc4 O-O 8.
f3 Qb6 9. Bb3 Nxe4 10. Na4 Qa5+ 11. c3 Nf6 12. O-O Nxd4 13. cxd4 d6 14. Nc3 e5
15. dxe5 dxe5 16. Qe2 Bf5 17. Rad1 h5 18. Rd6 Qb4 19. Rfd1 e4 20. R6d4 exf3 21.
Qxf3 Qe7 22. h3 Rfe8 23. Bg5 Qc5 24. Kh2 b5 25. Rd6 b4 26. Bxf6 Bxf6 27. Rxf6
Qe5+ 28. Kh1 Qxf6 29. Nd5 Qe5 30. Nxb4 Qe4 31. Bd5 Qxf3 32. Bxf3 Rad8 33. Nd5
Kg7 34. Ne3 Rxd1+ 0-1

[Event "Mechanics' Summer TNM; 30/90, SD/30"]
[Site "San Francisco"]
[Date "2011.06.28"]
[Round "6.16"]
[White "Sherwood, Peter"]
[Black "Krienke, Jason"]
[Result "1/2-1/2"]
[WhiteElo "1826"]
[BlackElo "1694"]
[PlyCount "57"]
[EventDate "2011.??.??"]

1. e4 e5 2. Nf3 Nc6 3. Bb5 a6 4. Ba4 Nf6 5. O-O b5 6. Bb3 Bc5 7. d3 h6 8. Be3
Be7 9. Nc3 d6 10. h3 Na5 11. Nh2 O-O 12. f4 Bb7 13. Nf3 Nxb3 14. axb3 exf4 15.
Bxf4 d5 16. e5 Nd7 17. d4 c5 18. Ne2 cxd4 19. Nexd4 Nc5 20. Nf5 Ne4 21. Nxe7+
Qxe7 22. c3 f5 23. exf6 Qxf6 24. Ne5 Qe6 25. Qd4 Rae8 26. Nd3 Qg6 27. Ne5 Qe6
28. Nd3 Qg6 29. Ne5 1/2-1/2

[Event "Mechanics' Summer TNM; 30/90, SD/30"]
[Site "San Francisco"]
[Date "2011.07.05"]
[Round "7.15"]
[White "Sherwood, Peter"]
[Black "Zhao, Audrey"]
[Result "0-1"]
[WhiteElo "1826"]
[BlackElo "1554"]
[PlyCount "94"]
[EventDate "2011.??.??"]

1. e4 c5 2. Nf3 d6 3. d4 cxd4 4. Nxd4 Nf6 5. Nc3 a6 6. Be3 e6 7. f3 Qc7 8. g4
h6 9. Qd2 Be7 10. O-O-O Nbd7 11. Be2 b5 12. h4 Nh7 13. g5 h5 14. g6 Nhf6 15.
gxf7+ Kxf7 16. Rdg1 Bb7 17. Bd3 Ne5 18. Qg2 Rag8 19. Kb1 g6 20. Nce2 Qc8 21.
Nf4 Nxd3 22. Nxd3 e5 23. Ne2 Qc7 24. Qg3 Nd7 25. Nc3 Qc4 26. Rh2 a5 27. Rd2 Nf6
28. Bg5 b4 29. Ne2 Qc7 30. Rgd1 Rd8 31. Qf2 Kg7 32. Be3 Ra8 33. Rg1 Kh7 34. Qg3
Rhg8 35. Qg5 Ng4 36. Bb6 Qd7 37. Nc5 Qe8 38. Rxd6 Bxg5 39. hxg5 Ba6 40. fxg4
Bxe2 41. Nd7 Kh8 42. Nf6 Qb8 43. Rd7 Rg7 44. Bc7 Qa7 45. Rh1 Rxd7 46. Nxd7 Qxc7
47. Nf6 Rc8 0-1

[Event "Mechanics' Summer TNM; 30/90, SD/30"]
[Site "San Francisco"]
[Date "2011.06.14"]
[Round "4.21"]
[White "Shi, Jaysen"]
[Black "Bertot, German"]
[Result "0-1"]
[WhiteElo "1237"]
[BlackElo "1654"]
[PlyCount "82"]
[EventDate "2011.??.??"]

1. e4 e5 2. Nf3 Nc6 3. Bc4 Bc5 4. O-O Nf6 5. d4 Bxd4 6. Nxd4 Nxd4 7. f4 d6 8.
fxe5 dxe5 9. Bg5 Be6 10. Bxe6 Nxe6 11. Qxd8+ Rxd8 12. Bxf6 gxf6 13. Rxf6 Rd1+
14. Rf1 Rxf1+ 15. Kxf1 Nd4 16. Na3 a6 17. Rd1 Rg8 18. Nc4 f6 19. c3 Nc6 20. Ne3
Ne7 21. Nd5 Nxd5 22. Rxd5 Rg4 23. Rc5 Kd7 24. Rc4 b5 25. Rb4 c5 26. Rb3 Rxe4
27. Ra3 Ra4 28. Rxa4 bxa4 29. g4 Ke6 30. Ke2 e4 31. a3 h6 32. Ke3 Ke5 33. c4 f5
34. gxf5 Kxf5 35. h3 h5 36. h4 a5 37. Kd2 Kf4 38. Kc3 e3 39. b4 axb3 40. Kxb3
e2 41. a4 e1=Q 0-1

[Event "Mechanics' Summer TNM; 30/90, SD/30"]
[Site "San Francisco"]
[Date "2011.07.05"]
[Round "7.22"]
[White "Shi, Jaysen"]
[Black "Mar, Henry"]
[Result "0-1"]
[WhiteElo "1237"]
[BlackElo "1544"]
[PlyCount "84"]
[EventDate "2011.??.??"]

1. e4 c6 2. d4 d5 3. e5 Bf5 4. Nf3 h6 5. c4 e6 6. a3 c5 7. cxd5 exd5 8. Nc3
cxd4 9. Bb5+ Bd7 10. Nxd4 Ne7 11. e6 Bxb5 12. exf7+ Kxf7 13. Ndxb5 a6 14. Qa4
Nbc6 15. Qf4+ Kg8 16. Nc7 Rc8 17. Ne6 Qd7 18. Nc5 Qc7 19. O-O Ng6 20. Qf3 d4
21. Nd5 Qf7 22. Qxf7+ Kxf7 23. Nb6 Rc7 24. b4 Bxc5 25. bxc5 Rd8 26. Bb2 d3 27.
Rfd1 Nce5 28. Bxe5 Nxe5 29. Rac1 Re7 30. Nc4 Nxc4 31. Rxc4 d2 32. Kf1 Rde8 33.
Rcc1 dxc1=Q 34. Rxc1 Rc8 35. f4 Rec7 36. g4 Rxc5 37. Re1 Rc1 38. h4 Rxe1+ 39.
Kxe1 Rc3 40. g5 h5 41. f5 g6 42. f6 Rxa3 0-1

[Event "Mechanics' Summer TNM; 30/90, SD/30"]
[Site "San Francisco"]
[Date "2011.07.12"]
[Round "8.23"]
[White "Shi, Jaysen"]
[Black "Olson, David"]
[Result "1-0"]
[WhiteElo "1237"]
[BlackElo "1430"]
[PlyCount "83"]
[EventDate "2011.??.??"]

1. e4 e5 2. Nf3 Nc6 3. Bc4 Nf6 4. d4 exd4 5. O-O Bc5 6. e5 Ng4 7. Bf4 O-O 8.
Bd3 d6 9. exd6 Bxd6 10. Bc1 f5 11. Bg5 Qd7 12. Re1 b6 13. Bc4+ Kh8 14. Be6 Qe8
15. Bxf5 Qh5 16. Bxc8 Raxc8 (16... Bxh2+ $1 17. Nxh2 Qxh2+ 18. Kf1 Rxf2#) 17.
h3 Nge5 18. Nxd4 Qxg5 19. Ne6 Nf3+ 20. Qxf3 Qh4 21. Nxf8 Rxf8 22. Re4 Qh6 23.
Qe3 Qf6 24. Re8 Nb4 (24... Qxb2) 25. Rxf8+ Qxf8 26. Na3 Nd5 27. Qf3 Nf6 28. Nc4
Bc5 29. Rd1 Qe7 30. Ne3 h6 31. Nd5 Qe5 32. Nxf6 gxf6 33. Qg4 Bd6 34. Qd4 Qh2+
35. Kf1 Qh1+ 36. Ke2 Qxg2 37. Qxf6+ Kh7 38. Qf5+ Kh8 39. Qg4 Qc6 40. Qd4+ Kh7
41. Qd3+ Kg8 42. Rg1+ 1-0

[Event "Mechanics' Summer TNM; 30/90, SD/30"]
[Site "San Francisco"]
[Date "2011.07.05"]
[Round "7.10"]
[White "Smolensky, Randall"]
[Black "Kleiman, Charles"]
[Result "1/2-1/2"]
[WhiteElo "1859"]
[BlackElo "1858"]
[PlyCount "66"]
[EventDate "2011.??.??"]

1. e4 d5 2. exd5 Nf6 3. Bb5+ Nbd7 4. d4 Nxd5 5. Nf3 c6 6. Bd3 Qc7 7. O-O Nf4 8.
Re1 Nxd3 9. Qxd3 g6 10. c4 Bg7 11. Nc3 Nf6 12. Bd2 Bf5 13. Qe2 h5 14. Rac1 Rd8
15. d5 a6 16. Ne5 O-O 17. Bf4 Qc8 18. b4 Rfe8 19. dxc6 bxc6 20. Qf3 Rd6 21. Bg3
Re6 22. Na4 Nd7 23. Nxd7 Rxe1+ 24. Rxe1 Qxd7 25. Nc5 Qd2 26. Qe2 Qxe2 27. Rxe2
Bc8 28. h3 e6 29. Rd2 Bc3 30. Rd6 Bxb4 31. Rxc6 a5 32. Be5 Kf8 33. Rc7 Kg8
1/2-1/2

[Event "Mechanics' Summer TNM; 30/90, SD/30"]
[Site "San Francisco"]
[Date "2011.05.24"]
[Round "1.10"]
[White "Standen, Julian"]
[Black "Byambaa, Uyanga"]
[Result "1/2-1/2"]
[WhiteElo "1635"]
[BlackElo "2050"]
[PlyCount "86"]
[EventDate "2011.??.??"]

1. d4 f5 2. Nf3 Nf6 3. Bf4 d6 4. e3 g6 5. Bc4 Bg7 6. h3 Nc6 7. c3 Na5 8. Be2
O-O 9. Nbd2 Qe8 10. O-O Nh5 11. Bh2 e5 12. dxe5 dxe5 13. Nc4 Nxc4 14. Bxc4+ Be6
15. Qb3 Bxc4 16. Qxc4+ Kh8 17. Rad1 Qe7 18. Rd2 Rad8 19. Rfd1 Rxd2 20. Rxd2 f4
21. exf4 Nxf4 22. Qe4 c6 23. Rd1 Qe6 24. c4 h6 25. Re1 Qf6 26. Nxe5 Qxe5 27.
Qxe5 Bxe5 28. Rxe5 Nd3 29. Re2 Rd8 30. g4 Rd7 31. Rd2 Kg7 32. Bf4 g5 33. Be3 a5
34. f4 gxf4 35. Bxf4 Kg6 36. Be3 b5 37. cxb5 cxb5 38. b3 h5 39. a4 bxa4 40.
bxa4 hxg4 41. hxg4 Nc5 42. Rxd7 Nxd7 43. Kg2 Ne5 1/2-1/2

[Event "Mechanics' Summer TNM; 30/90, SD/30"]
[Site "San Francisco"]
[Date "2011.06.28"]
[Round "6.6"]
[White "Todortsev, Victor"]
[Black "Lin, Michael K"]
[Result "0-1"]
[WhiteElo "1937"]
[BlackElo "2026"]
[PlyCount "88"]
[EventDate "2011.??.??"]

1. d4 Nf6 2. c4 e6 3. Nc3 Bb4 4. Qc2 c5 5. e3 Nc6 6. Nf3 d5 7. a3 Qa5 8. Bd2
cxd4 9. exd4 O-O 10. Bd3 Bxc3 11. bxc3 dxc4 12. Bxc4 e5 13. O-O e4 14. Ng5 Bf5
15. Qa2 Qc7 16. f3 exf3 17. Rxf3 Bg6 18. Rf4 h6 19. Nf3 Rae8 20. Rf1 Bh5 21.
Qc2 Qd7 22. Nh4 Ne7 23. Rxf6 gxf6 24. Rxf6 Qg4 25. g3 Kg7 26. Rf2 Bg6 27. Bd3
Nd5 28. Nf5+ Bxf5 29. Bxf5 Qh5 30. Qd3 Ne7 31. Be4 b6 32. c4 Qg4 33. d5 Qd7 34.
Qf3 f5 35. Bd3 b5 36. Qf4 Ng8 37. Bxf5 Rxf5 38. Qxf5 Qxf5 39. Rxf5 bxc4 40. d6
Rd8 41. Bb4 Nf6 42. Rc5 Rxd6 43. Rxc4 Ra6 44. Rc7+ Kg6 {White is clearly
better in this ending but ran low on time and lost. The players quit keeping
score at this point.} 0-1

[Event "Mechanics' Summer TNM; 30/90, SD/30"]
[Site "San Francisco"]
[Date "2011.06.14"]
[Round "4.7"]
[White "Todortsev, Victor"]
[Black "Margulis, Igor"]
[Result "1/2-1/2"]
[WhiteElo "1937"]
[BlackElo "2100"]
[PlyCount "102"]
[EventDate "2011.??.??"]

1. Nf3 d6 2. d4 Bg4 3. e4 g6 4. h3 Bxf3 5. Qxf3 Bg7 6. c3 Nc6 7. Bd3 Nf6 8. Bg5
O-O 9. Nd2 e5 10. d5 Nb8 11. Qe3 c6 12. c4 Nbd7 13. O-O Qb6 14. b3 Rfe8 15.
Rac1 Nc5 16. Bb1 Ncd7 17. g3 a5 18. Kg2 Qxe3 19. Bxe3 c5 20. Bc2 h6 21. Nb1 a4
22. Nc3 axb3 23. axb3 Rec8 24. Ra1 Bf8 25. Nb5 Ne8 26. f4 exf4 27. gxf4 Bg7 28.
Rae1 Ra2 29. Rf2 Nb8 30. Bd3 Ra6 31. Bd2 Bf6 32. Ree2 Ra1 33. e5 Bh4 34. Rf3
dxe5 35. fxe5 Na6 36. Bc3 Rd1 37. Bc2 Rc1 38. d6 Rd8 39. Be4 Ng7 40. Bxb7 Nb4
41. Bxb4 cxb4 42. c5 Rxc5 43. Nc7 Nf5 44. Rf4 Bg5 45. Rxb4 Ne3+ 46. Rxe3 Bxe3
47. Re4 Rc2+ 48. Kf3 Bb6 49. Nd5 Rf2+ 50. Kg3 Rb2 51. b4 Bf2+ 1/2-1/2

[Event "Mechanics' Summer TNM; 30/90, SD/30"]
[Site "San Francisco"]
[Date "2011.07.12"]
[Round "8.6"]
[White "Todortsev, Victor"]
[Black "Shakhnazarov, Oleg"]
[Result "1/2-1/2"]
[WhiteElo "1937"]
[BlackElo "2137"]
[PlyCount "86"]
[EventDate "2011.??.??"]

1. d4 d5 2. c4 dxc4 3. e3 Nf6 4. Bxc4 c6 5. Nc3 g6 6. Nf3 e6 7. O-O Bg7 8. Ne5
O-O 9. f4 Nbd7 10. Bd2 c5 11. Be1 cxd4 12. exd4 Nb6 13. Bb3 Nfd5 14. Qf3 f6 15.
Nc4 Nxc4 16. Bxc4 Nb6 17. Bb3 f5 18. Rd1 Bxd4+ 19. Bf2 Bxf2+ 20. Rxf2 Qf6 21.
Rfd2 Kh8 22. a4 Rb8 23. Rd6 Na8 24. Qf2 b6 25. Nb5 Qg7 26. Nd4 Nc7 27. Nc6 Ra8
28. Ne5 Ne8 29. Rd8 Nf6 30. Qd4 (30. Rxf8+ $1 Qxf8 31. Rd8 Ne8 32. Qd4 $18 ({
also} 32. Bxe6 $18)) 30... Bb7 31. Rxa8 Bxa8 32. Bxe6 h6 33. Rd3 (33. Qc4 $1)
33... Kh7 34. h3 Be4 35. Rc3 Qe7 36. Qc4 g5 37. Qc7 Re8 38. Bf7 Nd5 39. Qc6 Nf6
40. Qc4 Rd8 41. Bg6+ (41. Qc7 $16) 41... Kg7 42. Qc7 Rd1+ 43. Kh2 Nd7 1/2-1/2

[Event "Mechanics' Summer TNM; 30/90, SD/30"]
[Site "San Francisco"]
[Date "2011.05.31"]
[Round "2.3"]
[White "Todortsev, Victor"]
[Black "Wong, Russell"]
[Result "0-1"]
[WhiteElo "1937"]
[BlackElo "2200"]
[PlyCount "92"]
[EventDate "2011.??.??"]

1. d4 Nf6 2. c4 g6 3. Nc3 Bg7 4. e4 d6 5. Nf3 O-O 6. Bd3 e5 7. d5 a5 8. Bg5 h6
9. Bh4 Na6 10. O-O Nc5 11. Bc2 g5 12. Bg3 Bg4 13. Re1 Nh5 14. h3 Bc8 15. a3 Re8
16. b4 axb4 17. axb4 Rxa1 18. Qxa1 Nd7 19. Qa3 Nf4 20. c5 dxc5 21. bxc5 Bf8 22.
d6 cxd6 23. cxd6 Re6 24. Rd1 Nf6 25. Nb5 Bd7 26. Bxf4 gxf4 27. Nc7 Rxd6 28.
Rxd6 Qxc7 29. Rxd7 Nxd7 30. Qb2 Be7 31. Bb3 Bf6 32. Qd2 Nc5 33. Bd5 Kg7 34. h4
b5 35. Qb4 Qb6 36. Kf1 Na6 37. Qb3 Nc5 38. Qb4 Nb7 39. g4 fxg3 40. fxg3 Qe3 41.
Qb3 Qc1+ 42. Kg2 Nc5 43. Qxb5 Qc2+ 44. Kh3 Nd3 45. Kg4 Qe2 46. Qb3 h5+ 0-1

[Event "Mechanics' Summer TNM; 30/90, SD/30"]
[Site "San Francisco"]
[Date "2011.07.12"]
[Round "8.5"]
[White "Traub, Igor"]
[Black "Lin, Michael K"]
[Result "0-1"]
[WhiteElo "2140"]
[BlackElo "2026"]
[PlyCount "79"]
[EventDate "2011.??.??"]

1. d4 Nf6 2. c4 g6 3. Nc3 Bg7 4. g3 O-O 5. Bg2 d6 6. Nf3 Nc6 7. d5 Nb8 8. Nd4
Bd7 9. O-O c5 10. Nf3 Na6 11. e4 Nc7 12. Qe2 Rb8 13. a4 b6 14. e5 Nfe8 15. Bf4
a6 16. exd6 exd6 17. Rfe1 b5 18. axb5 axb5 19. Nd2 g5 20. Be3 f5 21. f4 g4 22.
Bf2 Bf6 23. h3 h5 24. cxb5 Nxb5 25. Nxb5 Rxb5 26. Nc4 Qb8 27. Ra2 Rb4 28. Ne5
dxe5 29. fxe5 Be7 30. d6 Nxd6 31. Bxc5 Nc8 32. Bxb4 Bxb4 33. Bd5+ Kh7 34. Rc1
Re8 35. Ra8 Qb6+ 36. Kh2 Bd6 37. e6 Bxe6 38. Qc2 Bxg3+ 39. Kxg3 Qe3+ 40. Bf3
0-1

[Event "Mechanics' Summer TNM; 30/90, SD/30"]
[Site "San Francisco"]
[Date "2011.06.21"]
[Round "5.1"]
[White "Traub, Igor"]
[Black "Rumph, Todd"]
[Result "1/2-1/2"]
[WhiteElo "2140"]
[BlackElo "2152"]
[PlyCount "74"]
[EventDate "2011.??.??"]

1. e4 c6 2. d4 d5 3. Nc3 dxe4 4. Nxe4 Nf6 5. Nxf6+ gxf6 6. Nf3 Bf5 7. Bd3 Nd7
8. Be3 e6 9. c3 Bxd3 10. Qxd3 Qc7 11. O-O-O O-O-O 12. g3 Bd6 13. Nd2 Nb6 14.
Kb1 f5 15. Bg5 Be7 16. Bxe7 Qxe7 17. Rhe1 Qc7 18. c4 Kb8 19. c5 Nd7 20. Qa3 Nf6
21. Nc4 h5 22. h4 Ne4 {Diagram #} 23. Re2 Rd5 24. Qf3 Rhd8 25. Nd6 Nxd6 (25...
Nxc5 $5 {(Rumph)}) 26. cxd6 Qxd6 27. Qxh5 Rxd4 28. Rc1 Rd2 29. Rxd2 Qxd2 30.
Qxf7 Qd3+ 31. Rc2 Qe4 32. b3 Rd1+ 33. Kb2 Qe5+ 34. Ka3 Rd5 35. Qf8+ Kc7 36.
Qe7+ Kb6 37. Qb4+ Ka6 1/2-1/2

[Event "Mechanics' Summer TNM; 30/90, SD/30"]
[Site "San Francisco"]
[Date "2011.06.28"]
[Round "6.3"]
[White "Traub, Igor"]
[Black "Sandberg, Evan"]
[Result "0-1"]
[WhiteElo "2140"]
[BlackElo "2168"]
[PlyCount "44"]
[EventDate "2011.??.??"]

1. e4 d5 2. exd5 Nf6 3. d4 Bg4 4. Nf3 Qxd5 5. Nc3 Qh5 6. Be2 Nc6 7. Bb5 O-O-O
8. Bxc6 bxc6 9. Qe2 Bxf3 10. gxf3 e6 11. Be3 Bb4 12. O-O-O Bxc3 13. bxc3 Qa5
14. Qc4 Nd5 15. Rd3 Kd7 16. Rg1 g6 17. Qc5 Qxa2 18. Kd2 Nb6 19. Bg5 Nc4+ 20.
Ke1 Rb8 21. Kf1 Nd6 22. Rd2 Rb5 0-1